MARC details
| 000 -LEADER |
| fixed length control field |
01886cam a2200529 ab4500 |
| 001 - CONTROL NUMBER |
| control field |
21405 |
| 003 - CONTROL NUMBER IDENTIFIER |
| control field |
VRT |
| 005 - DATE AND TIME OF LATEST TRANSACTION |
| control field |
20260228144136.0 |
| 008 - FIXED-LENGTH DATA ELEMENTS--GENERAL INFORMATION |
| fixed length control field |
240314s2015 xo a b 000 j slo |
| 015 ## - NATIONAL BIBLIOGRAPHY NUMBER |
| National bibliography number |
SNBA2015/07 |
| 020 ## - INTERNATIONAL STANDARD BOOK NUMBER |
| International Standard Book Number |
9788007023413 |
| Qualifying information |
(viaz.) |
| 035 ## - SYSTEM CONTROL NUMBER |
| System control number |
4FC4DF0C-A5AD-4012-8E22-C82AAD3180AB |
| 035 ## - SYSTEM CONTROL NUMBER |
| System control number |
urn:nbn:sk:snk-amkv4u |
| 035 ## - SYSTEM CONTROL NUMBER |
| System control number |
urn:nbn:sk:snk-am004cdv |
| 039 #9 - LEVEL OF BIBLIOGRAPHIC CONTROL AND CODING DETAIL [OBSOLETE] |
| Level of rules in bibliographic description |
202407231122 |
| Level of effort used to assign nonsubject heading access points |
AUTHORITY |
| Level of effort used to assign subject headings |
202407231103 |
| Level of effort used to assign classification |
AUTHORITY |
| Level of effort used to assign subject headings |
202403141420 |
| Level of effort used to assign classification |
VLOAD |
| Level of effort used to assign subject headings |
201608091031 |
| Level of effort used to assign classification |
csnk08 |
| 040 ## - CATALOGING SOURCE |
| Original cataloging agency |
SVKBB |
| Language of cataloging |
slo |
| Transcribing agency |
SVKBB |
| Modifying agency |
SNK |
| Description conventions |
AACR2 |
| 041 1# - LANGUAGE CODE |
| Language code of text/sound track or separate title |
slo |
| Language code of original |
rus |
| -- |
dan |
| 044 ## - COUNTRY OF PUBLISHING/PRODUCING ENTITY CODE |
| MARC country code |
xo |
| ISO country code |
SK |
| 072 #7 - SUBJECT CATEGORY CODE |
| Subject category code |
821.11 |
| Subject category code subdivision |
Germánske literatúry |
| Source |
konspekt |
| 072 #7 - SUBJECT CATEGORY CODE |
| Subject category code |
821-93 |
| Subject category code subdivision |
Literatúra pre deti a mládež |
| Source |
konspekt |
| 080 ## - UNIVERSAL DECIMAL CLASSIFICATION NUMBER |
| Universal Decimal Classification number |
821.113.4-34 |
| Edition identifier |
2001 |
| 080 ## - UNIVERSAL DECIMAL CLASSIFICATION NUMBER |
| Universal Decimal Classification number |
821-93 |
| Edition identifier |
2001 |
| 100 1# - MAIN ENTRY--PERSONAL NAME |
| Personal name |
Andersen, Hans Christian, |
| Dates associated with a name |
1805-1875 |
| Relationship |
aut |
| 245 10 - TITLE STATEMENT |
| Title |
Najkrajšie rozprávky H. Ch. Andersena |
| Statement of responsibility, etc. |
[chudožnik: V. Čajčuk ; adaptation: Želmíra Talajová] |
| 260 ## - PUBLICATION, DISTRIBUTION, ETC. |
| Place of publication, distribution, etc. |
Bratislava |
| Name of publisher, distributor, etc. |
Príroda |
| Date of publication, distribution, etc. |
2015 |
| 300 ## - PHYSICAL DESCRIPTION |
| Extent |
141 s. |
| Other physical details |
fareb. ilustr. |
| Dimensions |
25 cm |
| 500 ## - GENERAL NOTE |
| General note |
Pravdepodobne preložené z ruského prekladu dánskeho originálu |
| 655 #7 - INDEX TERM--GENRE/FORM |
| Genre/form data or focus term |
dánske rozprávky |
| Source of term |
SNKPH |
| 655 #7 - INDEX TERM--GENRE/FORM |
| Genre/form data or focus term |
publikácie pre deti |
| Source of term |
SNKPH |
| 655 #7 - INDEX TERM--GENRE/FORM |
| Genre/form data or focus term |
Danish fairy tales |
| Source of term |
SNKPHeng |
| 655 #7 - INDEX TERM--GENRE/FORM |
| Genre/form data or focus term |
Children's literature |
| Source of term |
SNKPHeng |
| 700 1# - ADDED ENTRY--PERSONAL NAME |
| Personal name |
Čajčuk, V. |
| Relationship |
ill |
| 700 1# - ADDED ENTRY--PERSONAL NAME |
| Personal name |
Talajová, Želmíra |
| Relationship |
adp |
| 730 0# - ADDED ENTRY--UNIFORM TITLE |
| Uniform title |
Skazki |
| Language of a work |
Slovensky |
| 910 ## - USER-OPTION DATA (OCLC) |
| User-option data |
svkbb |
| 910 ## - USER-OPTION DATA (OCLC) |
| User-option data |
pokpoh |
| 910 ## - USER-OPTION DATA (OCLC) |
| User-option data |
snk |
| 910 ## - USER-OPTION DATA (OCLC) |
| User-option data |
sllk |
| 910 ## - USER-OPTION DATA (OCLC) |
| User-option data |
hevk |
| 910 ## - USER-OPTION DATA (OCLC) |
| User-option data |
totk |
| 942 ## - ADDED ENTRY ELEMENTS (KOHA) |
| Source of classification or shelving scheme |
Dewey Decimal Classification |
| Koha item type |
Krásna literatúra pre deti |
| Suppress in OPAC |
No |
| 949 ## - LOCAL PROCESSING INFORMATION (OCLC) |
| 6 |
2889304432 |
| a |
savukPV 20997 |
| b |
savuk2015/2554 |
| 949 ## - LOCAL PROCESSING INFORMATION (OCLC) |
| 6 |
270001000493598 |
| a |
svkbbB 53496 |
| b |
svkbbm 753871 |
| 949 ## - LOCAL PROCESSING INFORMATION (OCLC) |
| 6 |
17A1159510 |
| a |
snkSC 164933 |
| b |
snk2015/17624 |
| o |
1077/15 |
| s |
6100:20140925 |
| 949 ## - LOCAL PROCESSING INFORMATION (OCLC) |
| 6 |
17A1159511 |
| a |
snkSC 164933 D1 |
| b |
snk2015/17625 |
| o |
1077/15 |